00763cam a2200241 a 45000010008000000030004000080050017000120080041000290100017000700200015000870400018001020500027001200820016001471000020001632450074001832500012002572600050002693000035003194400058003545040051004126500041004637000017005043564119OSt20140220134436.0990505s1999 xxua b 001 0 eng  a 98085496  a1578700736 aDLCcDLCdDLC04aTK5105.8.E83bB74 199900a004.6/82211 aBreyer, Robert.10aSwitched, fast, and gigabit Ethernet /cRobert Breyer and Sean Riley. a3rd ed. a[U.S.A.] :bMacMillan Technical Pub.,cc1999. axxii, 618 p. :bill. ;c24 cm. 0aMacMillan network architecture and development series aIncludes bibliographical references and index. 0aEthernet (Local area network system)1 aRiley, Sean.